000 00304nam a22001337a 4500
008 170717b xxu||||| |||| 00| 0 eng d
020 _a0812213181
041 _aeng
080 _a2
100 _a24
101 _aTEO
245 _aA NATION DEDICATED TO RELIGIOUS LIBERTY
_cADAMS, A.M
942 _2udc
_cBK
999 _c21313
_d21313